000 00692nam a2200229 i 4500
001 82079
003 ES-MaACL
005 20231218150601.0
007 t|
008 041122s1998 sp ||||1| spa d
020 _a84-8374-020-X
080 _a821.134.2-32"19"
100 1 _aAltamira, Pilar,
_d1939-
_920514
245 1 0 _aRelatos de tierra adentro /
_cPilar Altamira.
250 _a1ยช ed.
260 _aMadrid :
_bHuerga y Fierro,
_c1998.
300 _a149 p. ;
_c22 cm.
490 1 _aNarrativa (Huerga y Fierro Editores) ;
_v157
830 0 _aNarrativa (Huerga y Fierro Editores) ;
_v157
_9184486
852 _aES-MaACL
_jL-28507
_bR.134350
999 _c82079
_d82079